Entry Nombre personal
001 - NÚMERO DE CONTROL
- campo de control: 78944
003 - IDENTIFICADOR DE NÚMERO DE CONTROL
- campo de control: SpMaBN
005 - FECHA Y HORA DE LA ÚLTIMA TRANSACCIÓN
- campo de control: 20231228163538.0
008 - ELEMENTOS DE DATO DE LONGITUD-FIJA
- campo de control de longitud fija: 900725nn ainnnaabn n aac
016 ## - NÚMERO DE CONTROL DE UNA AGENCIA BIBLIOGRÁFICA NACIONAL
- Número de control del registro: BNE19974095053
040 ## - FUENTE DE CATALOGACIÓN
- Centro catalogador/agencia de origen: SpMaBN
- Lengua de catalogación: spa
- Centro/agencia transcriptor: A2
100 1# - ENCABEZAMIENTO-NOMBRE DE PERSONA
- Nombre de persona: Mateo, Ignacio
373 ## - GRUPO ASOCIADO
- Grupo asociado: Ateneo de Madrid
- Fuente de información: Socios de mérito y honor del Ateneo de Madrid (1946-1976)
375 ## - GÉNERO/SEXO
- Género: Masculino
678 ## - DATOS BIOGRÁFICOS O HISTÓRICOS
- Datos biográficos o históricos: Socio de mérito del Ateneo n. 19 (1946)
- Ampliación de la nota: Fuente: Socios de mérito y honor del Ateneo de Madrid (1946-1976)
